000 00555nam a2200169Ia 4500
003 IN-BaIIA
008 211028s9999 xx 000 0 eng d
040 _cIIA Library
080 _a63.5
_bISC
110 _aIndian Science Congress Association
_910437
245 0 _aIndian Science Congress Souvenir
_cIndian Science Congress Association
260 _aAhmedabad
_bGujarat University
_c1978
300 _a[various pagings.]
650 _aAstronomy and astrophysics - thesaurus
650 _aConference Souvenir
_910438
942 _cBK
999 _c6014
_d6014